1460 1964 1149 1996 1563 1043 1878 1772 1599 1680 1573 1926 1322 1945 1733 1127 1518 1704 1428 1510 1045 1329 1632 1303 1233 1046 1433 1706 1331 1801 1960 1257 1019 1145 1660 1438 1207 1630 1869 1070 1917 1908 1089 1105 1264 1485 1834 1701 1702 1300 1501 1068 1506 1548 1631 1476 1736 1896 1997 1246 1907 1484 1472 1593 1030 1537 1632 1239 1302 1511 1405 1480 1370 1967 1377 1628 1944 1023 1296 1591 1510 1858 1732 1279 1884 1968 1778 1429 1823 1515 1609 1483 1254 1969 1123 1877 1687 1777 1832 BCNSPRNW ULIB Ver.6.0+V

เปลี่ยนเป็นภาษาไทย

Change to English
 แสดงรายละเอียดบรรณานุกรม
  กลับหน้าหลัก

Brief Record : Get Marc (ISO 2709) : E-mail record : QR code < ปิดหน้าต่าง
LEADER : 00000nam 2200000uu 4500
001    13399114384
003     ULIB
008    110420s||||||||th 000 0 tha d
020    9789749751954
041 1  tha
060 04 WG340^bล145ร
100 1  ลลิตา ธีระสิริ
245 10 รักษาความดันเลือดสูงด้วยตนเอง /^cลลิตา ธีระสิริ
250    พิมพ์ครั้งที่ 1
260    กรุงเทพฯ :^bรวมทรรศน์,^c2553
300    176 หน้า :^bภาพประกอบ
650  7 การดูแลสุขภาพด้วยตนเอง
650  7 ความดันเลือดสูง
650  7 ความดันเลือดสูง^xการรักษา
945    ^p200^l0^i031467
945    ^p200^l0^i031468
945    ^p200^l0^i032162
995    ทศพร
999 ^a ใช้งานได้ทุกระบบ
รายการนี้ยังไม่มีแท็ก
คุณยังไม่ได้ล็อกอิน คุณสามารถมีกิจกรรมร่วมกับเว็บไซต์ได้ แต่ต้องล็อกอินก่อน ::
  ล็อกอิน

รายการสื่อสารสนเทศ

ลำดับที่ ประเภท เลขเรียก/บาร์โค้ด สถานที่ สถานะ
1. วิทยาศาสตร์การแพทย์ และสุขภาพ
หนังสือสำรอง
สถานะ=หนังสือสำรอง
WG340 ล145ร ฉ.1 
  Barcode: 031467
ห้องสมุดวิทยาเขตสวรรค์ประชารักษ์
►ส่วนจัดเก็บหนังสือเก่า สปร
บนชั้น
  ขอยืม
2. วิทยาศาสตร์การแพทย์ และสุขภาพ
วิทยาศาสตร์การแพทย์ และสุขภาพ
WG340 ล145ร ฉ.2 
  Barcode: 031468
ห้องสมุดวิทยาเขตสวรรค์ประชารักษ์
►ส่วนจัดเก็บหนังสือเก่า สปร
บนชั้น
  ขอยืม
3. วิทยาศาสตร์การแพทย์ และสุขภาพ
วิทยาศาสตร์การแพทย์ และสุขภาพ
WG340 ล145ร ฉ.3 
  Barcode: 032162
ห้องสมุดวิทยาเขตสวรรค์ประชารักษ์
►ส่วนจัดเก็บหนังสือเก่า สปร
บนชั้น
  ขอยืม

รายการใกล้เคียง
    ผู้แต่ง [ลลิตา ธีระสิริ]

    หัวเรื่อง [การดูแลสุขภาพด้วยตนเอง]
    หัวเรื่อง [ความดันเลือดสูง]

BibComment


ยังไม่เคยถูกคอมเมนท์

คอมเมนท์ทรัพยากรรายการนี้
  คอมเมนท์: รักษาความดันเลือด..


 Copyright 2026. Bcnsprnw @Library